00540 a2200157 4500003000500000005001700005020001800022040000900040082001400049100002500063245014500088260004000233300001100273650005500284651004300339Nust20170207171536.0 a9781591583400 cNust a028.7 071 aRadcliff, Carolyn J. aA practical guide to information literacy assessment for academic librarians (EBOOK)cCarolyn J. Radcliff, Mary Lee Jensen, Joseph A. Salem. aNew YorkbLibraries Unlimitedc2007 a196 p. aInformation literacy—Study and teaching (Higher) aInformation literacy—Ability testing